[Event "Bashkortostan-ch"]
[Site "Ufa"]
[Date "2017.12.17"]
[Round "8"]
[White "Taztdinov, Robert"]
[Black "Butorin, Andrey"]
[Result "1-0"]
[WhiteElo "2110"]
[BlackElo "1959"]
[PlyCount "43"]
[EventDate "2017.12.11"]
[EventType "tourn"]
[EventRounds "9"]
[EventCountry "RUS"]
[SourceTitle "EXT 2019"]
[Source "ChessBase"]
[SourceDate "2018.10.10"]
[SourceVersion "1"]
[SourceVersionDate "2018.10.10"]
[SourceQuality "1"]

1. e4 d5 2. exd5 Qxd5 3. Nc3 Qd6 4. d4 Bf5 5. Nf3 h6 6. Ne5 Nf6 7. Qf3 Bc8 8. Bf4 Qxd4 9. Nb5 Qb6 10. 0-0-0 Na6 11. Nc4 Qc6 12. Qd3 Be6 13. Na5 Qe4 14. Nxc7+ Nxc7 15. Bxc7 Qxd3 16. Bxd3 Rc8 17. Bg3 b6 18. Bb5+ Bd7 19. Rxd7 Nxd7 20. Rd1 Rd8 21. Nb7 a6 22. Bc6 1-0

[Event "Ufa SFGU Cup tt"]
[Site "Ufa"]
[Date "2012.12.06"]
[Round "4"]
[White "Karimov, Farid"]
[Black "Taztdinov, Robert"]
[Result "1/2-1/2"]
[WhiteElo "2003"]
[BlackElo "2191"]
[PlyCount "75"]
[EventDate "2012.12.03"]
[EventType "team-swiss"]
[EventRounds "7"]
[EventCountry "RUS"]
[SourceTitle "CBM 152 Extra"]
[Source "ChessBase"]
[SourceDate "2013.02.25"]
[SourceVersion "1"]
[SourceVersionDate "2013.02.25"]
[SourceQuality "1"]

1. d4 f5 2. Nf3 Nf6 3. g3 g6 4. Bg2 Bg7 5. b3 0-0 6. Bb2 c6 7. Nbd2 d6 8. 0-0 Qe8 9. c4 e5 10. dxe5 Ng4 11. e4 f4 12. Qc2 fxg3 13. hxg3 dxe5 14. Ba3 Rf6 15. Rfd1 g5 16. Nf1 Nd7 17. Rd2 Qh5 18. Be7 Rf7 19. Bd8 h6 20. Rad1 Nf8 21. Ba5 Ne6 22. Bc3 c5 23. Rd5 Nd4 24. Bxd4 cxd4 25. Rd8+ Rf8 26. Rxf8+ Bxf8 27. Ne1 Be6 28. Nd3 Rc8 29. Qe2 Bd6 30. a4 b6 31. Bf3 a6 32. Ra1 a5 33. Rc1 Rf8 34. Ra1 Kg7 35. Qd1 Qh3 36. Bg2 Qh5 37. Bf3 Bd7 38. Qe2 1/2-1/2

[Event "Sterlitamak Rochinskiy op"]
[Site "Sterlitamak"]
[Date "2012.06.25"]
[Round "4"]
[White "Taztdinov, Robert"]
[Black "Darmin, Dmitry"]
[Result "0-1"]
[WhiteElo "2191"]
[BlackElo "2043"]
[PlyCount "52"]
[EventDate "2012.06.22"]
[EventType "swiss"]
[EventRounds "9"]
[EventCountry "RUS"]
[SourceTitle "EXT 2013"]
[Source "ChessBase"]
[SourceDate "2012.11.22"]
[SourceVersion "1"]
[SourceVersionDate "2012.11.22"]
[SourceQuality "1"]

1. e4 c6 2. d4 d5 3. exd5 cxd5 4. c4 Nf6 5. Nc3 e6 6. Nf3 Be7 7. cxd5 Nxd5 8. Bc4 Nxc3 9. bxc3 Nc6 10. 0-0 0-0 11. Bb3 b6 12. Qd3 Bb7 13. Re1 Bf6 14. Bc2 g6 15. h4 Qd5 16. Rb1 Na5 17. Bh6 Rfc8 18. Re3 Qh5 19. Bg5 Bxg5 20. Nxg5 Qxh4 21. Rg3 Nc4 22. Bb3 Bd5 23. Re1 Qf4 24. Ne4 Bxe4 25. Rxe4 Qc1+ 26. Kh2 Nd2 0-1

[Event "Sterlitamak op"]
[Site "Sterlitamak"]
[Date "2010.06.30"]
[Round "7"]
[White "Tanygin, Valerij"]
[Black "Taztdinov, Robert"]
[Result "0-1"]
[WhiteElo "2167"]
[BlackElo "2223"]
[PlyCount "52"]
[EventDate "2010.06.24"]
[EventType "swiss"]
[EventRounds "9"]
[EventCountry "RUS"]
[SourceTitle "CBM 137 Extra"]
[Source "ChessBase"]
[SourceDate "2010.09.01"]
[SourceVersion "1"]
[SourceVersionDate "2010.09.01"]
[SourceQuality "1"]

1. d4 f5 2. c4 Nf6 3. g3 g6 4. Bg2 Bg7 5. Nc3 0-0 6. Nf3 d6 7. 0-0 c6 8. Rb1 Ne4 9. Qc2 Nxc3 10. bxc3 e5 11. Rd1 e4 12. Ng5 d5 13. f3 h6 14. Nh3 g5 15. Nf2 Kh8 16. cxd5 cxd5 17. c4 Nc6 18. e3 exf3 19. Bxf3 dxc4 20. Qxc4 f4 21. gxf4 gxf4 22. e4 Nxd4 23. Kh1 Qh4 24. Rxd4 Qxf2 25. Bb2 Qxf3+ 26. Kg1 Bh3 0-1

[Event "Sterlitamak op"]
[Site "Sterlitamak"]
[Date "2010.06.28"]
[Round "5"]
[White "Karimov, Zakir"]
[Black "Taztdinov, Robert"]
[Result "1/2-1/2"]
[WhiteElo "2046"]
[BlackElo "2223"]
[PlyCount "73"]
[EventDate "2010.06.24"]
[EventType "swiss"]
[EventRounds "9"]
[EventCountry "RUS"]
[SourceTitle "CBM 137 Extra"]
[Source "ChessBase"]
[SourceDate "2010.09.01"]
[SourceVersion "1"]
[SourceVersionDate "2010.09.01"]
[SourceQuality "1"]

1. c4 f5 2. Nc3 Nf6 3. g3 g6 4. Bg2 Bg7 5. d4 0-0 6. Nh3 d6 7. d5 Nbd7 8. 0-0 a5 9. Qc2 Ne5 10. Nb5 c6 11. dxc6 bxc6 12. Nd4 Bd7 13. Ng5 Qc8 14. b3 h6 15. Ngf3 Nxf3+ 16. Nxf3 e5 17. Ba3 Ne8 18. Rad1 e4 19. Ne1 Qc7 20. f3 a4 21. b4 Nf6 22. Kh1 Rfe8 23. Bb2 exf3 24. exf3 a3 25. Ba1 Qb8 26. Nd3 Be6 27. Rfe1 Qc7 28. Re2 Qf7 29. c5 dxc5 30. Ne5 Qb7 31. bxc5 Kh7 32. Nc4 Bxc4 33. Qxc4 Rxe2 34. Qxe2 Re8 35. Qf2 Nd5 36. Bxg7 Qxg7 37. Bf1 1/2-1/2

[Event "Ufa op"]
[Site "Ufa"]
[Date "2006.??.??"]
[Round "8"]
[White "Idrisov, Rustem"]
[Black "Taztdinov, Robert"]
[Result "0-1"]
[WhiteElo "2100"]
[BlackElo "2225"]
[PlyCount "78"]
[EventDate "2006.??.??"]
[EventType "swiss"]
[EventRounds "11"]
[EventCountry "RUS"]
[SourceTitle "EXT 2008"]
[Source "ChessBase"]
[SourceDate "2007.11.25"]
[SourceVersion "1"]
[SourceVersionDate "2007.11.25"]
[SourceQuality "1"]

1. Nf3 f5 2. e4 fxe4 3. Ng5 d5 4. d3 Qd6 5. dxe4 h6 6. Nf3 dxe4 7. Nd4 e5 8. Nb5 Qxd1+ 9. Kxd1 Na6 10. Be3 Nf6 11. Nd2 c6 12. Nc3 Nc5 13. Bxc5 Bxc5 14. Ncxe4 Be7 15. g3 Be6 16. Bd3 0-0-0 17. Ke2 Rhf8 18. f3 Kc7 19. Rad1 b5 20. a3 a5 21. Rc1 Rd7 22. Ra1 Rfd8 23. a4 Kb6 24. Rhd1 Bb4 25. b3 Bf5 26. g4 Bxe4 27. Nxe4 Nd5 28. Kf2 Be7 29. Be2 Bh4+ 30. Kg1 Nf4 31. Kf1 Nd5 32. Kg1 Be7 33. axb5 cxb5 34. c4 Nf4 35. Rxd7 Rxd7 36. Bf1 b4 37. c5+ Bxc5+ 38. Nxc5 Kxc5 39. Rxa5+ Kd4 0-1

[Event "Ufa Kopylov Memorial op"]
[Site "Ufa"]
[Date "2004.10.??"]
[Round "5"]
[White "Dubov, Danil"]
[Black "Taztdinov, Robert"]
[Result "1-0"]
[WhiteElo "2150"]
[BlackElo "2240"]
[PlyCount "85"]
[EventDate "2004.10.24"]
[EventType "swiss"]
[EventRounds "9"]
[EventCountry "RUS"]
[SourceTitle "EXT 2006"]
[Source "ChessBase"]
[SourceDate "2005.11.24"]
[SourceVersion "1"]
[SourceVersionDate "2005.11.24"]
[SourceQuality "1"]

1. e4 c5 2. Nf3 d6 3. Bb5+ Nd7 4. d4 cxd4 5. Qxd4 a6 6. Bxd7+ Bxd7 7. Nc3 Nf6 8. Bg5 e6 9. 0-0 Be7 10. e5 dxe5 11. Nxe5 Qc7 12. Ne4 Bb5 13. Bxf6 gxf6 14. Ng4 Bxf1 15. Ngxf6+ Bxf6 16. Nxf6+ Ke7 17. Qh4 Kd6 18. Rd1+ Kc6 19. Qe4+ Kb6 20. Qd4+ Ka5 21. b4+ Ka4 22. Nd7 Rad8 23. Nb6+ Ka3 24. Qe3+ Bd3 25. cxd3 Qc2 26. Rc1 Rxd3 27. Rxc2 Rxe3 28. Nc4+ Kxb4 29. Nxe3 b5 30. Kf1 Rd8 31. Ke2 Rd7 32. Rc6 a5 33. Nc2+ Ka4 34. Rc3 b4 35. Rh3 f5 36. Rd3 Rg7 37. g3 e5 38. Rd5 b3 39. axb3+ Kxb3 40. Kd2 a4 41. Rb5+ Kc4 42. Rb4+ Kd5 43. Rxa4 1-0

[Event "Ufa Kopylov Memorial op"]
[Site "Ufa"]
[Date "2004.10.??"]
[Round "4"]
[White "Taztdinov, Robert"]
[Black "Baemov, Ilnur"]
[Result "0-1"]
[WhiteElo "2240"]
[BlackElo "2147"]
[PlyCount "36"]
[EventDate "2004.10.24"]
[EventType "swiss"]
[EventRounds "9"]
[EventCountry "RUS"]
[SourceTitle "EXT 2006"]
[Source "ChessBase"]
[SourceDate "2005.11.24"]
[SourceVersion "1"]
[SourceVersionDate "2005.11.24"]
[SourceQuality "1"]

1. e4 c5 2. Nf3 d6 3. d4 cxd4 4. Nxd4 Nf6 5. Nc3 a6 6. Be2 e6 7. 0-0 Be7 8. a4 0-0 9. a5 Nc6 10. Nb3 Qc7 11. Be3 Nd7 12. Na4 Rb8 13. Nb6 Nc5 14. Nxc5 dxc5 15. Qd2 Rd8 16. Bf4 e5 17. Nd5 exf4 18. Bd3 Qe5 0-1